[Event "Reykjavik Open 2013"]
[Site "Reykjavik ISL"]
[Date "2013.02.20"]
[Round "3.81"]
[White "Knutsson, Larus"]
[Black "Pantzar, Milton"]
[Result "1-0"]
[WhiteElo "2072"]
[BlackElo "1693"]
[WhiteFideId "2806231"]
[BlackFideId "1721003"]
[EventDate "2013.02.19"]

1. e4 e6 2. d4 d5 3. Nc3 Nf6 4. exd5 exd5 5. Bd3 Bd6 6. h3 O-O 7. Qf3 c6 8. Nge2
Be6 9. Bg5 Nbd7 10. g4 Qc7 11. Be3 b5 12. g5 Ne8 13. h4 g6 14. Nf4 Ng7 15. h5
Bxf4 16. Bxf4 Qb6 17. O-O-O Bf5 18. h6 Ne6 19. Bxf5 gxf5 20. Bd6 Rfd8 21. Rh4
Ndf8 22. Bxf8 Rxf8 23. Qxf5 b4 24. Na4 Qd8 25. Re1 Re8 26. Re5 Nf8 27. Rf4 Qd7
28. Qf6 Ne6 29. Nc5 Qe7 30. Nxe6 Qxf6 31. Rxf6 Rxe6 32. Rexe6 fxe6 33. Rxe6 Rf8
34. Re7 Rxf2 35. Rg7+ Kh8 36. Rxa7 Rf8 37. Rc7 1-0

[Event "Reykjavik Open 2013"]
[Site "Reykjavik ISL"]
[Date "2013.02.20"]
[Round "3.82"]
[White "Andreasen, Jakup A.R."]
[Black "Kolka, Dawid"]
[Result "1-0"]
[WhiteElo "1992"]
[BlackElo "1646"]
[WhiteFideId "7200528"]
[BlackFideId "2308010"]
[EventDate "2013.02.19"]

1. d4 d5 2. Nf3 Nf6 3. g3 Bf5 4. Bg2 c6 5. b3 e6 6. O-O Nbd7 7. c4 Bb4 8. a3 Ba5
9. b4 Bc7 10. b5 O-O 11. Nc3 Ne4 12. Qb3 dxc4 13. Qxc4 Nb6 14. Qb3 Nxc3 15. Qxc3
cxb5 16. Qb3 a6 17. Re1 Be4 18. Bb2 Nc4 19. Bc3 Rb8 20. a4 Nd6 21. Bh3 bxa4 22.
Rxa4 Nb5 23. Bb2 Bb6 24. Nd2 Bc6 25. Qd3 Ba5 26. d5 Bxd2 27. Qxd2 Qxd5 28. Qxd5
Bxd5 29. e4 Bc6 30. Rc4 Rbc8 31. f4 Nd6 32. Rd4 Nb5 33. Rd3 Rfd8 34. Rde3 Nd4
35. Rf1 Bb5 36. Bxd4 1-0

[Event "Reykjavik Open 2013"]
[Site "Reykjavik ISL"]
[Date "2013.02.20"]
[Round "3.83"]
[White "Hyotyla, Tapio"]
[Black "Sverrisson, Nokkvi"]
[Result "1/2-1/2"]
[WhiteElo "1792"]
[BlackElo "1990"]
[WhiteFideId "501026"]
[BlackFideId "2304376"]
[EventDate "2013.02.19"]

1. d4 Nf6 2. c4 e6 3. Nc3 c5 4. d5 exd5 5. cxd5 d6 6. e4 g6 7. Bd3 Bg7 8. Nge2
O-O 9. O-O a6 10. a4 Nbd7 11. h3 Rb8 12. a5 Qc7 13. Be3 Ne5 14. Bc2 Nc4 15. Bc1
Re8 16. Ra2 Nxa5 17. b3 b5 18. Ng3 b4 19. Nce2 c4 20. f3 Nd7 21. Bf4 Qb6+ 22.
Kh2 Nc5 23. Bxd6 Qxd6 24. Rxa5 cxb3 25. Bxb3 Nxb3 26. Qxb3 Bd7 27. f4 Qb6 28.
Ra2 a5 29. e5 Rbd8 30. Rd1 Ra8 31. Rb2 Rab8 32. Ra2 Ra8 33. Rb2 Reb8 34. Rdb1
Qa6 35. Qd1 Qb6 36. Nc3 Qe3 37. Nce2 Bh6 38. Rb3 Qf2 39. Rf3 Qb6 40. f5 gxf5 41.
Nxf5 Bxf5 42. Rxf5 Qe3 1/2-1/2

[Event "Reykjavik Open 2013"]
[Site "Reykjavik ISL"]
[Date "2013.02.20"]
[Round "3.84"]
[White "Heimisson, Hilmir Freyr"]
[Black "Ofstad, Sigurd"]
[Result "0-1"]
[WhiteElo "1693"]
[BlackElo "1985"]
[WhiteFideId "2309998"]
[BlackFideId "1507729"]
[EventDate "2013.02.19"]

1. e4 d5 2. exd5 Qxd5 3. Nc3 Qa5 4. Bc4 Nf6 5. d3 c6 6. Qe2 Bf5 7. Bd2 Qc7 8. h3
Bg6 9. a4 Nbd7 10. f4 h6 11. Nf3 Qb6 12. Bb3 Nd5 13. O-O-O Bh7 14. Rhf1 O-O-O
15. Ne5 f6 16. a5 0-1

[Event "Reykjavik Open 2013"]
[Site "Reykjavik ISL"]
[Date "2013.02.20"]
[Round "3.86"]
[White "Hauksdottir, Hrund"]
[Black "Meier, Gerd"]
[Result "1-0"]
[WhiteElo "1671"]
[BlackElo "1949"]
[WhiteFideId "2302608"]
[BlackFideId "4682971"]
[EventDate "2013.02.19"]

1. e4 c5 2. Nf3 d6 3. d4 cxd4 4. Nxd4 Nf6 5. Nc3 a6 6. Be3 e6 7. Be2 Be7 8. O-O
O-O 9. f4 Qc7 10. g4 b5 11. g5 Nfd7 12. a3 Bb7 13. f5 e5 14. Nb3 Nc5 15. f6 Bd8
16. Nxc5 dxc5 17. Nd5 Qd6 18. b4 Nd7 19. fxg7 Kxg7 20. Bg4 cxb4 21. Bf5 Bxd5 22.
Qh5 Rh8 23. exd5 Bb6 24. Bxb6 Nxb6 25. Be6 1-0

[Event "Reykjavik Open 2013"]
[Site "Reykjavik ISL"]
[Date "2013.02.20"]
[Round "3.88"]
[White "Magnusdottir, Veronika Steinunn"]
[Black "Leimeister, Winfried"]
[Result "0-1"]
[WhiteElo "1557"]
[BlackElo "1909"]
[WhiteFideId "2309114"]
[BlackFideId "24653721"]
[EventDate "2013.02.19"]

1. e4 c5 2. Nf3 g6 3. c3 Bg7 4. d4 cxd4 5. cxd4 d5 6. e5 Nh6 7. Nc3 O-O 8. Bd3
Nc6 9. Bf4 Bg4 10. Be2 Nf5 11. O-O e6 12. Be3 Bxf3 13. Bxf3 Nxe3 14. fxe3 Qg5
15. Qd3 Rac8 16. e4 Nb4 17. Qe2 Bh6 18. Rad1 Qe3+ 19. Qf2 dxe4 20. Bxe4 Rc7 21.
a3 f5 22. Bb1 Nc6 23. Ba2 Nd8 24. Rde1 Qxf2+ 25. Kxf2 Bd2 26. Rd1 Bxc3 27. bxc3
Rxc3 28. Rc1 Rxa3 29. Rc2 Re8 30. Rc8 0-1

[Event "Reykjavik Open 2013"]
[Site "Reykjavik ISL"]
[Date "2013.02.20"]
[Round "3.89"]
[White "Vignisson, Ingvar Egill"]
[Black "Finnbogadottir, Tinna Kristin"]
[Result "0-1"]
[WhiteElo "1542"]
[BlackElo "1871"]
[WhiteFideId "2309270"]
[BlackFideId "2300214"]
[EventDate "2013.02.19"]

1. e4 c5 2. c4 Nc6 3. Nc3 g6 4. g3 Bg7 5. Bg2 d6 6. Nge2 Nf6 7. d3 Bd7 8. O-O
Qc8 9. Rb1 Bh3 10. Nd5 Bxg2 11. Nxf6+ Bxf6 12. Kxg2 h5 13. h3 g5 14. Be3 Ne5 15.
d4 cxd4 16. Qa4+ Kf8 17. Bxd4 Qxc4 18. Qxc4 Nxc4 19. Bxf6 exf6 20. Rfd1 Rd8 21.
b3 Nb6 22. Nc3 Kg7 23. Nb5 d5 24. exd5 Nxd5 25. Nxa7 Nc3 26. Rxd8 Rxd8 27. Rb2
Ra8 28. Rc2 Nd5 29. Nb5 Nb4 30. Rc7 Rxa2 31. Nd6 Nd3 32. Rxf7+ Kg6 33. Rxb7
Rxf2+ 34. Kg1 Rb2 35. Rb8 Nc5 36. b4 Na6 37. Rg8+ Kh7 38. Rf8 Kg7 39. Rf7+ Kg6
40. b5 Rxb5 41. Rxf6+ Kxf6 42. Nxb5 Ke5 43. Nc3 Kd4 44. Nd1 Ke4 45. Kg2 Nc7 46.
Nf2+ Ke3 47. Nd1+ Kd2 48. Nf2 Ke2 49. Ne4 Ne6 50. Nc3+ Kd3 51. Nd1 Kd2 52. Nf2
Ke2 53. Ne4 Ke3 54. Nf2 Nc5 55. Nd1+ Kd2 56. Nf2 Ke2 57. g4 h4 58. Kg1 Kf3 59.
Nh1 Ne4 60. Kh2 Nf2 61. Ng3 hxg3+ 62. Kg1 Nxh3+ 0-1

[Event "Reykjavik Open 2013"]
[Site "Reykjavik ISL"]
[Date "2013.02.20"]
[Round "3.91"]
[White "Karlsson, Mikael Johann"]
[Black "Ramtin, Raman"]
[Result "1-0"]
[WhiteElo "1990"]
[BlackElo "1661"]
[WhiteFideId "2305194"]
[BlackFideId "12532460"]
[EventDate "2013.02.19"]

1. c4 e6 2. g3 d5 3. Bg2 Nf6 4. Nf3 Be7 5. O-O O-O 6. d4 Nbd7 7. Nc3 dxc4 8. e4
Nb6 9. Be3 c6 10. Qe2 Bb4 11. a4 Bxc3 12. bxc3 Nxe4 13. Qc2 Nf6 14. a5 Nbd5 15.
Ne5 Re8 16. Nxc4 Ng4 17. h3 Ngxe3 18. fxe3 Qg5 19. Qf2 Rf8 20. h4 Qe7 21. Qd2 c5
22. e4 Nf6 23. e5 Nd7 24. Nd6 cxd4 25. cxd4 f6 26. a6 Rb8 27. axb7 Bxb7 28. Nxb7
fxe5 29. dxe5 Nxe5 30. Qd6 Rxb7 31. Rxf8+ Kxf8 32. Qxe5 Rb3 33. Rc1 Qb4 34. Rc8+
Kf7 35. Rc7+ 1-0

[Event "Reykjavik Open 2013"]
[Site "Reykjavik ISL"]
[Date "2013.02.20"]
[Round "3.92"]
[White "Stefansson, Vignir Vatnar"]
[Black "Saemundsson, Bjarni"]
[Result "0-1"]
[WhiteElo "1652"]
[BlackElo "1935"]
[WhiteFideId "2308649"]
[BlackFideId "2302900"]
[EventDate "2013.02.19"]

1. d4 d5 2. c4 Bf5 3. Nc3 e6 4. Nf3 Nc6 5. a3 Nf6 6. Bg5 Be7 7. e3 Ne4 8. Bxe7
Nxe7 9. Be2 O-O 10. O-O c6 11. Rc1 Ng6 12. h3 Nh4 13. Nxh4 Qxh4 14. Nxe4 Bxe4
15. f3 Bf5 16. Kh2 Qg5 17. g4 Bg6 18. f4 Qf6 19. cxd5 cxd5 20. Rc7 b6 21. Qa4
Qd8 22. Rd7 Qb8 23. Rc1 Rc8 24. Rxc8+ Qxc8 25. Rxa7 Rxa7 26. Qxa7 h6 27. Qxb6
Qc1 28. Kg2 Qxe3 29. Kf1 Qxf4+ 30. Ke1 Qc1+ 31. Kf2 Qf4+ 32. Ke1 Qc1+ 33. Kf2
Qf4+ 0-1

[Event "Reykjavik Open 2013"]
[Site "Reykjavik ISL"]
[Date "2013.02.20"]
[Round "3.94"]
[White "Arntsen, Frode"]
[Black "Kjartansson, Dagur"]
[Result "1/2-1/2"]
[WhiteElo "1840"]
[BlackElo "1623"]
[WhiteFideId "1513761"]
[BlackFideId "2303299"]
[EventDate "2013.02.19"]

1. c4 e6 2. g3 g6 3. Bg2 Bg7 4. Nc3 Ne7 5. e3 c5 6. Nf3 Nbc6 7. O-O b6 8. d4 d5
9. cxd5 exd5 10. Ne5 Bb7 11. Qa4 O-O 12. f4 Nxe5 13. fxe5 a6 14. Bd2 Rc8 15. Rf2
b5 16. Qc2 b4 17. Ne2 cxd4 18. Qd3 dxe3 19. Bxe3 Bxe5 20. Bh6 1/2-1/2

[Event "Reykjavik Open 2013"]
[Site "Reykjavik ISL"]
[Date "2013.02.20"]
[Round "3.95"]
[White "Ghaderi, Arman K"]
[Black "Einarsson, Oskar Long"]
[Result "1-0"]
[WhiteElo "1827"]
[BlackElo "1613"]
[WhiteFideId "1511890"]
[BlackFideId "2309220"]
[EventDate "2013.02.19"]

1. e4 c5 2. Nf3 d6 3. d4 Nf6 4. dxc5 Nxe4 5. cxd6 Nc6 6. Bd3 Nxd6 7. O-O e6 8.
Bf4 Be7 9. Nc3 O-O 10. a3 a6 11. Qe2 Qb6 12. Bxh7+ Kxh7 13. Bxd6 Qxb2 14. Qd3+
g6 15. Bxe7 Nxe7 16. Rfb1 Qxa1 17. Rxa1 Nc6 18. Ne4 f5 19. Nfg5+ Kg7 20. Nc5 Kf6
21. Qe3 Rd8 22. Qf4 Rd4 23. Qe3 e5 24. Re1 b6 25. Nb3 Rc4 26. Qd3 b5 27. Nd2 Rd4
28. Qc3 Bb7 29. Ngf3 Re4 30. Nxe4+ 1-0

[Event "Reykjavik Open 2013"]
[Site "Reykjavik ISL"]
[Date "2013.02.20"]
[Round "3.102"]
[White "Palsdottir, Soley Lind"]
[Black "Thorgeirsson, Jon Kristinn"]
[Result "0-1"]
[WhiteElo "1393"]
[BlackElo "1766"]
[WhiteFideId "2306824"]
[BlackFideId "2307731"]
[EventDate "2013.02.19"]

1. e4 e5 2. Nf3 Nc6 3. Bc4 Nf6 4. d3 Bc5 5. c3 Bb6 6. Bb3 O-O 7. O-O d6 8. Bg5
Be6 9. Bc2 Ne7 10. Nbd2 Ng6 11. Re1 h6 12. Be3 Nh5 13. Nf1 Qf6 14. Qd2 Nhf4 15.
Ng3 Bg4 16. Bd1 Nxg2 17. Nf5 Nxe1 18. Qxe1 Bxf5 0-1

[Event "Reykjavik Open 2013"]
[Site "Reykjavik ISL"]
[Date "2013.02.20"]
[Round "3.105"]
[White "Bakkes, Frits"]
[Black "Petersen, Jakob Alexander"]
[Result "0-1"]
[WhiteElo "1750"]
[BlackElo "1370"]
[WhiteFideId "1044079"]
[BlackFideId "2309130"]
[EventDate "2013.02.19"]

1. d4 d5 2. Nc3 Nf6 3. e4 dxe4 4. f3 exf3 5. Nxf3 Bf5 6. Bc4 Nc6 7. d5 Na5 8.
Bb5+ c6 9. Ba4 b5 10. b4 bxa4 11. bxa5 Nxd5 12. Nxa4 Qxa5+ 13. c3 Rd8 14. Bd2
Ne3 15. Qb3 Nc2+ 16. Kf2 Nxa1 17. Rxa1 Qb5 18. Qd1 Bg4 19. c4 Rxd2+ 20. Qxd2
Qxa4 21. Rb1 f6 22. Nd4 e5 23. Rb8+ Kf7 24. Rb7+ Be7 25. Nb3 Rd8 26. Qe3 Qxa2+
27. Kg3 Rd2 28. Rb8 f5 29. Qc3 e4 30. c5 Rd3+ 0-1

[Event "Reykjavik Open 2013"]
[Site "Reykjavik ISL"]
[Date "2013.02.20"]
[Round "3.107"]
[White "Leosson, Atli Johann"]
[Black "Hrafnsson, Hilmir"]
[Result "1-0"]
[WhiteElo "1736"]
[BlackElo "1331"]
[WhiteFideId "2308533"]
[BlackFideId "2310481"]
[EventDate "2013.02.19"]

1. e4 e6 2. d4 d5 3. e5 c5 4. c3 Nc6 5. Nf3 Qb6 6. Be2 Nge7 7. dxc5 Qxc5 8. Be3
Qa5 9. O-O Qc7 10. Bb5 a6 11. Bxc6+ Nxc6 12. Bf4 Bc5 13. Nbd2 O-O 14. Nb3 Ba7
15. Qd3 f6 16. Rae1 fxe5 17. Bxe5 Nxe5 18. Nxe5 Bd7 19. Nxd7 Qxd7 20. Qh3 Rf6
21. Nd4 Bb8 22. Rxe6 Rxe6 23. Qxe6+ Qxe6 24. Nxe6 Ba7 25. Nf4 Re8 26. Rd1 d4 27.
cxd4 Bxd4 28. b3 Re4 29. g3 Be5 30. Rd8+ Kf7 31. Rd7+ Kf6 32. Rxb7 Bxf4 33. gxf4
h6 34. Rb6+ Kf5 35. Rxa6 Kxf4 36. Ra4 1-0

[Event "Reykjavik Open 2013"]
[Site "Reykjavik ISL"]
[Date "2013.02.20"]
[Round "3.108"]
[White "Holm, Fridgeir K"]
[Black "Kolica, Donika"]
[Result "1-0"]
[WhiteElo "1733"]
[BlackElo "1251"]
[WhiteFideId "2307324"]
[BlackFideId "2308843"]
[EventDate "2013.02.19"]

1. e4 e5 2. Nf3 Nc6 3. Bb5 a6 4. Ba4 b5 5. Bb3 Bb7 6. c3 Nf6 7. Ng5 d5 8. exd5
Nxd5 9. Qf3 Qxg5 10. Bxd5 Qg6 11. Be4 Qe6 12. a4 Rb8 13. axb5 axb5 14. Na3 Na5
15. Nxb5 Qb6 16. Bxb7 Rxb7 17. Rxa5 c6 18. Ra8+ Rb8 19. Rxb8+ Qxb8 20. Qxc6+ 1-0

[Event "Reykjavik Open 2013"]
[Site "Reykjavik ISL"]
[Date "2013.02.21"]
[Round "4.1"]
[White "Socko, Bartosz"]
[Black "Giri, Anish"]
[Result "1/2-1/2"]
[WhiteTitle "GM"]
[BlackTitle "GM"]
[WhiteElo "2643"]
[BlackElo "2722"]
[WhiteFideId "1107038"]
[BlackFideId "24116068"]
[EventDate "2013.02.19"]

1. d4 d5 2. c4 e6 3. Nc3 c6 4. e3 Nd7 5. Nf3 Ngf6 6. Qc2 Bd6 7. Bd3 dxc4 8. Bxc4
b5 9. Be2 O-O 10. O-O Bb7 11. Rd1 Qc7 12. e4 e5 13. dxe5 Nxe5 14. Nd4 Bc5 15.
Bf4 Bxd4 16. Rxd4 Nf3+ 17. Bxf3 Qxf4 18. Rc1 Rad8 19. Rxd8 Rxd8 20. Rd1 Rd7 21.
b4 g6 22. h3 a6 23. Rxd7 Nxd7 24. Qd1 Qc7 25. Bg4 Nf8 26. Qd4 h5 27. Bd1 c5 28.
bxc5 Ne6 29. Qf6 Nxc5 30. Bb3 Nxb3 31. axb3 Qc5 32. Nd5 Bxd5 33. Qd8+ Qf8 34.
Qxd5 Qb4 35. f4 Qe1+ 36. Kh2 Qe3 37. f5 Qf4+ 38. Kh1 gxf5 39. exf5 Kg7 40. Qc5
b4 41. Qd5 Qc1+ 42. Kh2 Qc7+ 43. Kh1 Qc3 44. Qd8 f6 45. Kh2 a5 46. Qxa5 Qxb3 47.
Qc7+ Qf7 48. Qb6 Qe7 49. h4 Qe5+ 50. g3 Qb2+ 51. Kh3 Qc1 52. Qb7+ Kh6 53. Qa8
Qf1+ 54. Kh2 Qf2+ 55. Kh1 Qf1+ 56. Kh2 Qe2+ 57. Kh3 Qf1+ 1/2-1/2

[Event "Reykjavik Open 2013"]
[Site "Reykjavik ISL"]
[Date "2013.02.21"]
[Round "4.3"]
[White "Cheparinov, Ivan"]
[Black "Baklan, Vladimir"]
[Result "1/2-1/2"]
[WhiteTitle "GM"]
[BlackTitle "GM"]
[WhiteElo "2709"]
[BlackElo "2609"]
[WhiteFideId "2905540"]
[BlackFideId "14102196"]
[EventDate "2013.02.19"]

1. d4 Nf6 2. c4 g6 3. Nc3 Bg7 4. e4 d6 5. Nf3 O-O 6. Be2 e5 7. O-O exd4 8. Nxd4
Re8 9. f3 c6 10. Kh1 Nbd7 11. Bf4 Ne5 12. Qd2 a5 13. b3 Nfd7 14. Bg5 f6 15. Bh6
Bxh6 16. Qxh6 Nc5 17. Rad1 Nf7 18. Qd2 Bd7 19. Rfe1 Qb6 20. Nc2 f5 21. Qd4 Qd8
22. exf5 Bxf5 23. Ne3 Bd7 24. Bf1 Ne6 25. Qd2 Nc5 26. g3 Qf6 27. Bg2 Qg7 28. f4
Re7 29. g4 Rae8 30. g5 h6 31. h4 hxg5 32. hxg5 Qh8+ 33. Kg1 Qh4 34. Qf2 Qxf2+
35. Kxf2 Bf5 36. Bf1 Bd7 37. Nc2 Kg7 38. Rxe7 Rxe7 39. Re1 Rxe1 40. Nxe1 Bf5 41.
Ke3 Nd8 42. Nf3 Nde6 43. Nh4 Bg4 44. Bg2 Kf7 45. Ne4 Nxe4 46. Bxe4 Bh5 47. a3
Nc5 48. Bc2 b6 49. f5 gxf5 50. Nxf5 Kg6 51. b4 axb4 52. axb4 Kxg5 53. bxc5 dxc5
54. Nd6 Kf6 55. Ba4 Ke5 56. Nc8 1/2-1/2

[Event "Reykjavik Open 2013"]
[Site "Reykjavik ISL"]
[Date "2013.02.21"]
[Round "4.6"]
[White "Eljanov, Pavel"]
[Black "Kveinys, Aloyzas"]
[Result "1-0"]
[WhiteTitle "GM"]
[BlackTitle "GM"]
[WhiteElo "2678"]
[BlackElo "2533"]
[WhiteFideId "14102951"]
[BlackFideId "12800040"]
[EventDate "2013.02.19"]

1. d4 Nf6 2. c4 e6 3. Nf3 Bb4+ 4. Bd2 Qe7 5. g3 Nc6 6. Nc3 Bxc3 7. Bxc3 Ne4 8.
Rc1 O-O 9. Bg2 d6 10. O-O Nxc3 11. Rxc3 e5 12. d5 Nb8 13. Nd2 Rd8 14. b4 a5 15.
Ra3 b6 16. bxa5 Nd7 17. Nb3 Nc5 18. Qc2 Ra6 19. Nxc5 bxc5 20. Rb1 Bd7 21. Rb7
Rda8 22. Rxc7 Qd8 23. Rb7 Bc8 24. Rbb3 Rxa5 25. Qb2 g6 26. h4 Kg7 27. Rxa5 Qxa5
28. Rb8 Rxb8 29. Qxb8 Qa6 30. a4 h5 31. a5 f5 32. Kh2 Kf7 33. Qc7+ Kf6 34. e3 1-0

[Event "Reykjavik Open 2013"]
[Site "Reykjavik ISL"]
[Date "2013.02.21"]
[Round "4.7"]
[White "Gajewski, Grzegorz"]
[Black "Muir, Andrew J"]
[Result "1-0"]
[WhiteTitle "GM"]
[BlackTitle "IM"]
[WhiteElo "2644"]
[BlackElo "2313"]
[WhiteFideId "1116207"]
[BlackFideId "2400138"]
[EventDate "2013.02.19"]

1. d4 d5 2. c4 c6 3. Nc3 Nf6 4. e3 e6 5. Bd3 Nbd7 6. b3 Bd6 7. f4 c5 8. Nf3 cxd4
9. exd4 Bb4 10. Bd2 b6 11. O-O O-O 12. Nxd5 Bxd2 13. Nxf6+ Nxf6 14. Qxd2 Bb7 15.
Bc2 Qd6 16. Rad1 Rad8 17. Ne5 g6 18. b4 Qc7 19. f5 exf5 20. Bxf5 Be4 21. Bxe4
Nxe4 22. Qf4 Qb7 23. d5 f5 24. Nc6 Rde8 25. Qc1 Qg7 26. Rd3 Rf7 27. c5 bxc5 28.
bxc5 Rc7 29. Qc4 Kh8 30. Rd4 Qh6 31. Rd3 Qg7 32. Rc1 Qf8 33. Qd4+ Qg7 34. Qxg7+
Kxg7 35. Ra3 Nf6 36. Rxa7 Nxd5 37. Rd1 Rxa7 38. Nxa7 Ra8 39. Nb5 Ra5 40. a4 Nb4
41. Rd7+ Kf6 42. c6 Ke6 43. Nd4+ Ke5 44. Rb7 Nd5 45. c7 Rc5 46. Nb5 Kf4 47. Rb8
Nxc7 48. Rc8 Rc1+ 49. Kf2 Rc2+ 50. Ke1 Rxg2 51. Nxc7 Rxh2 52. a5 Ra2 53. a6 h5
54. Nd5+ Kf3 55. Nb4 Ra4 56. Rc3+ Kg2 57. Rc2+ Kg3 58. Ra2 Rxb4 59. a7 Re4+ 60.
Kf1 Re8 61. a8=Q Rxa8 62. Rxa8 g5 63. Ra5 Kg4 64. Kg2 f4 65. Kf2 h4 66. Kg2 h3+
67. Kh2 Kh4 68. Ra4 Kg4 69. Ra3 Kf5 70. Kxh3 g4+ 71. Kh4 g3 72. Kh3 Kg5 73. Ra5+
Kf6 74. Kg2 1-0

[Event "Reykjavik Open 2013"]
[Site "Reykjavik ISL"]
[Date "2013.02.21"]
[Round "4.9"]
[White "Stefansson, Hannes"]
[Black "Bu, Xiangzhi"]
[Result "1/2-1/2"]
[WhiteTitle "GM"]
[BlackTitle "GM"]
[WhiteElo "2496"]
[BlackElo "2675"]
[WhiteFideId "2300087"]
[BlackFideId "8601445"]
[EventDate "2013.02.19"]

1. e4 c5 2. Nf3 d6 3. d4 cxd4 4. Nxd4 Nf6 5. Nc3 a6 6. Be3 e5 7. Nb3 Be7 8. f3
Be6 9. Qd2 O-O 10. O-O-O a5 11. Kb1 a4 12. Nc1 Ra5 13. g4 d5 14. g5 Nxe4 15.
Nxe4 dxe4 16. Qxd8 Rxd8 17. Rxd8+ Bxd8 18. fxe4 Nd7 19. Nd3 Be7 20. Be2 Kf8 21.
h4 Ra8 22. a3 1/2-1/2

[Event "Reykjavik Open 2013"]
[Site "Reykjavik ISL"]
[Date "2013.02.21"]
[Round "4.12"]
[White "Guo, Qi"]
[Black "Kuzubov, Yuriy"]
[Result "1-0"]
[WhiteTitle "WGM"]
[BlackTitle "GM"]
[WhiteElo "2431"]
[BlackElo "2622"]
[WhiteFideId "8604002"]
[BlackFideId "14112906"]
[EventDate "2013.02.19"]

1. d4 g6 2. c4 Bg7 3. e4 d6 4. Nc3 c5 5. d5 a6 6. Bd3 e6 7. Nge2 Ne7 8. h4 O-O
9. h5 b5 10. hxg6 fxg6 11. Bg5 b4 12. Na4 exd5 13. cxd5 Nd7 14. f4 Nf6 15. e5
Ng4 16. Qd2 Bf5 17. Bc4 h6 18. exd6 hxg5 19. dxe7 Qd6 20. exf8=Q+ Rxf8 21. O-O-O
gxf4 22. Nxf4 Ne5 23. b3 Nxc4 24. bxc4 Bd7 25. Ne6 Bxa4 26. Nxg7 Qe5 27. Qb2
Qf4+ 28. Kb1 Bxd1 29. Rxd1 Qg4 30. Rc1 Qe4+ 31. Ka1 Qe3 32. Ne6 Rf7 33. Rh1 Rh7
34. Rd1 Rf7 35. Kb1 a5 36. Qc2 Rf5 37. g4 Rf6 38. d6 b3 39. axb3 Rxe6 40. d7 1-0

[Event "Reykjavik Open 2013"]
[Site "Reykjavik ISL"]
[Date "2013.02.21"]
[Round "4.14"]
[White "Yilmaz, Mustafa"]
[Black "Dziuba, Marcin"]
[Result "1/2-1/2"]
[WhiteTitle "GM"]
[BlackTitle "GM"]
[WhiteElo "2531"]
[BlackElo "2602"]
[WhiteFideId "6302718"]
[BlackFideId "1112953"]
[EventDate "2013.02.19"]

1. d4 Nf6 2. c4 g6 3. Nc3 Bg7 4. e4 d6 5. Nf3 O-O 6. h3 Na6 7. Bg5 Qe8 8. g4 c6
9. Be2 Nc7 10. Be3 b5 11. cxb5 Nxb5 12. Nd2 Nxc3 13. bxc3 e5 14. Rc1 exd4 15.
cxd4 Nxe4 16. Nxe4 Qxe4 17. Bf3 Qe7 18. Bxc6 Rb8 19. O-O f5 20. gxf5 Bxf5 21.
Bg2 Qe6 22. Kh2 Rb2 23. Rc7 d5 24. Qf3 Be4 25. Rxg7+ Kxg7 26. Bh6+ Kxh6 27.
Qxf8+ Kh5 28. Bf3+ Bxf3 29. Qxf3+ Kh6 30. Qf8+ Kh5 31. Qf3+ Kh6 32. Qf8+ Kh5 33.
Qf3+ 1/2-1/2

[Event "Reykjavik Open 2013"]
[Site "Reykjavik ISL"]
[Date "2013.02.21"]
[Round "4.15"]
[White "Ipatov, Alexander"]
[Black "Guramishvili, Sopiko"]
[Result "1-0"]
[WhiteTitle "GM"]
[BlackTitle "IM"]
[WhiteElo "2569"]
[BlackElo "2414"]
[WhiteFideId "14116731"]
[BlackFideId "13602888"]
[EventDate "2013.02.19"]

1. d4 d5 2. c4 c6 3. Nf3 Nf6 4. Nc3 dxc4 5. e3 b5 6. a4 b4 7. Nb1 Qd5 8. Be2
Nbd7 9. O-O e6 10. Nfd2 Ba6 11. b3 Rc8 12. bxc4 Qa5 13. c5 Be7 14. Nc4 Bxc4 15.
Bxc4 e5 16. Nd2 O-O 17. Qb3 Rb8 18. Nf3 h6 19. Nh4 Ne4 20. Ng6 Bf6 21. Nxf8 Rxf8
22. Qd3 Nc3 23. Bb2 Rd8 24. Qf5 exd4 25. exd4 Nf8 26. Rae1 Rxd4 27. Bb3 Qd8 28.
Bc1 a5 29. Be3 Rd3 30. Bc4 Rd7 31. Qf3 Nd5 32. Rd1 Ne6 33. g3 Nec7 34. Qg4 Kh8
35. Bf4 Ne6 36. Bd6 Nc3 37. Bxe6 fxe6 38. Rde1 b3 39. Rxe6 Qg8 40. Rxf6 gxf6 41.
Qxd7 b2 42. Qxc6 b1=Q 43. Rxb1 Nxb1 44. Be7 1-0

[Event "Reykjavik Open 2013"]
[Site "Reykjavik ISL"]
[Date "2013.02.21"]
[Round "4.16"]
[White "Grandelius, Nils"]
[Black "Li, Wenliang"]
[Result "1/2-1/2"]
[WhiteTitle "GM"]
[BlackTitle "IM"]
[WhiteElo "2566"]
[BlackElo "2411"]
[WhiteFideId "1710400"]
[BlackFideId "8600490"]
[EventDate "2013.02.19"]

1. e4 e5 2. Nf3 Nc6 3. Bb5 a6 4. Ba4 Nf6 5. O-O Be7 6. d3 d6 7. c3 O-O 8. Nbd2
b5 9. Bc2 Re8 10. Re1 Bf8 11. Nf1 h6 12. Ng3 Be6 13. d4 Bg4 14. Be3 d5 15. h3
exd4 16. cxd4 dxe4 17. Nxe4 Bf5 18. Nxf6+ Qxf6 19. Bxf5 Qxf5 20. Rc1 Nb4 21. Bd2 1/2-1/2

[Event "Reykjavik Open 2013"]
[Site "Reykjavik ISL"]
[Date "2013.02.21"]
[Round "4.18"]
[White "Esen, Baris"]
[Black "Jayakumar, Adarsh"]
[Result "1/2-1/2"]
[WhiteTitle "GM"]
[BlackTitle "FM"]
[WhiteElo "2565"]
[BlackElo "2271"]
[WhiteFideId "6302114"]
[BlackFideId "5026520"]
[EventDate "2013.02.19"]

1. d4 d5 2. Nf3 c6 3. c4 e6 4. Qc2 Nf6 5. Bg5 Nbd7 6. cxd5 exd5 7. Nc3 Be7 8. e3
O-O 9. Bd3 Re8 10. O-O Nf8 11. Rab1 Ne4 12. Bf4 f5 13. Ne5 g5 14. Bg3 Bd6 15. f4
Ng6 16. Ne2 gxf4 17. exf4 Be6 18. Kh1 Qe7 19. Ng1 Rac8 20. Ngf3 Qg7 21. b4 Qh6
22. Kg1 Re7 23. Nxg6 hxg6 24. Ne5 Rh7 1/2-1/2

[Event "Reykjavik Open 2013"]
[Site "Reykjavik ISL"]
[Date "2013.02.21"]
[Round "4.20"]
[White "Navara, David"]
[Black "Ris, Robert"]
[Result "1-0"]
[WhiteTitle "GM"]
[BlackTitle "IM"]
[WhiteElo "2710"]
[BlackElo "2407"]
[WhiteFideId "309095"]
[BlackFideId "1011480"]
[EventDate "2013.02.19"]

1. c4 Nf6 2. Nf3 g6 3. Nc3 d5 4. cxd5 Nxd5 5. Qb3 Nb6 6. d4 Bg7 7. e4 Bg4 8.
Bb5+ c6 9. Ng5 O-O 10. Be2 Bxe2 11. Nxe2 Na6 12. Qh3 h6 13. Nf3 Qd7 14. Qh4 g5
15. Bxg5 hxg5 16. Nxg5 Rfd8 17. Qh5 e5 18. O-O f6 19. Qh7+ Kf8 20. f4 exd4 21.
f5 fxg5 22. f6 Bh8 23. Qxh8+ Kf7 24. Qg7+ Ke6 25. f7 Kd6 26. Nxd4 Kc7 27. Qe5+
Qd6 28. Ne6+ 1-0